Statistics for Every 90+ Rated Gold Player on EA Sports FIFA 15 Ultimate Team

Click here to take the quiz!

General Stats

  • This quiz has been taken 59 times
  • The average score is 5 of 5

Answer Stats

FIFAPlayerClubPositionRating% Correct
FIFA 15Cristiano RonaldoLW92
100%
FIFA 15Lionel MessiCF93
100%
FIFA 15Zlatan IbrahimovićST90
93%
FIFA 15Arjen RobbenRM90
91%
FIFA 15Manuel NeuerGK90
91%

Score Distribution

Percentile by Number Answered

Percent of People with Each Score

Your Score History

You have not taken this quiz